000
00321nam a2200133Ia 4500
008
220204s9999 xx 000 0 und d
082
_a
577.125.53
_b
HAW
100
_a
Ansell, G B
245
0
_a
Phospholipids
260
_a
Amsterdam
_b
Elsevier
_c
1982
650
_a
Phospholipids
700
_a
Hawthorne, J N
942
_c
BK
999
_c
39989
_d
39989